Razidla ruční.

Uložené v:
Podrobná bibliografia
Médium: Kniha
Jazyk:Slovak
Czech
English
Polish
Vydané: [2014].
Vydanie:1. vyd.
Témy:
On-line prístup:http://www.pramark.cz
Fyzický popis: 1 l.
Tagy: Pridať tag
Žiadne tagy, Buďte prvý kto otaguje tento záznam!

MARC

LEADER 00000nam#a22000003a#4500
001 000449421
003 SVKKK
005 20140212132656.0
008 140102s2014 xo |||| 0 slo#d
040 |a SVKKK  |b slo  |c SVKKK  |e AACR2 
041 1 # |a cze  |a eng  |a pol 
044 |a xr  |c CZ 
080 |a 62-777  |2 2001 
245 0 0 |a Razidla ruční. 
250 |a 1. vyd. 
260 # |c [2014]. 
300 |a 1 l. 
655 7 |a firemné prospekty  |2 SNKPH 
710 2 # |a PRAMARK s. r. o.  |c Křížová 1018/6, 150 05 Praha 5, Smíchov, ČR  |4 dst 
856 4 1 |u http://www.pramark.cz 
910 |a svkkk 
998 |a FL 
090 |g SCKHL  |k SK42  |a 62-777  |j 228129  |i 449421-10  |4 zastaraná  |s Vyradená